000
00207 a2200097 4500
001
3990
100
_a
Hine, C R
245
_a
Machine tools for engineers
260
_a
_b
Mcgrae-Hill
_c
090
_c
3218
_d
3218
942
_a
NUST-CAE
_c
M
_c
24647
999
_c
239063
_d
239063